| 000 | 01777nam0a2200361 4500 | ||
|---|---|---|---|
| 001 | RU\NLR\BIBL_A\011388691 | ||
| 005 | 20260406141116.0 | ||
| 010 |
_a9785444433782 _91000 |
||
| 021 |
_aRU _b2017-28782 _92124 |
||
| 035 | _a(RuMoRGB)008863660 | ||
| 035 | _a(NLR Aleph) 011388691 | ||
| 090 |
_a11442460 _c11442460 |
||
| 100 | _a20170522d2017 k y0rusy50 ca | ||
| 101 | 0 | _arus | |
| 102 | _aRU | ||
| 105 | _aach|zzzz0||zd | ||
| 200 | 1 |
_aПоследний год Грибоедова _eтриумф, любовь, гибель _eисторическое расседование _fСергей Дмитриев |
|
| 210 |
_aМосква _cВече _d2017 |
||
| 215 |
_a751 с., [24] л. ил., портр., факс., цв. ил. _cпортр. _d22 |
||
| 300 | _aВ конце кн. авт.: С. Н. Дмитриев, к. ист. н., д. чл. Академии российской словесности | ||
| 320 | _aБиблиогр.: с. 742-743 | ||
| 320 | _aДр. произведения авт. в конце кн. | ||
| 333 | _a12+ | ||
| 600 | 1 |
_aГрибоедов _bА.С. _f1795 - 1829 _gАлександр Сергеевич _xБиография _xХронология _92217496 _3RU\NLR\AUTH\661331745 |
|
| 686 |
_aШ5(2=Р)51-4Грибоедов А.С.23,0 _2rubbk |
||
| 686 | 2 | _aШ5(2=Р)51-4Грибоедов23 | |
| 700 | 1 |
_4070 _7ca _8rus _aДмитриев _bС. Н. _cканд. ист. наук, писатель _f1959- _gСергей Николаевич _932903 _3RU\NLR\AUTH\7749968 |
|
| 702 | 1 |
_4570 _7ca _8rus _aГрибоедов _bА. С. _f1795-1829 _gАлександр Сергеевич _9113290 _3RU\NLR\AUTH\773285 |
|
| 942 | _cBOOK | ||
| 980 | _aNBR | ||